Ballon d'Or Winners - Statistics

General Stats
  • This quiz has been taken 245 times
    225 since last reset
  • The average score is 45 of 69
Answer Stats
Year Nationality Winner % Correct
2008 Portuguese Cristiano Ronaldo
92%
2013 Portuguese Cristiano Ronaldo
92%
2014 Portuguese Cristiano Ronaldo
92%
2016 Portuguese Cristiano Ronaldo
92%
2017 Portuguese Cristiano Ronaldo
92%
2009 Argentine Lionel Messi
92%
2010 Argentine Lionel Messi
92%
2011 Argentine Lionel Messi
92%
2012 Argentine Lionel Messi
92%
2015 Argentine Lionel Messi
92%
2019 Argentine Lionel Messi
92%
2021 Argentine Lionel Messi
92%
2023 Argentine Lionel Messi
92%
2018 Croatian Luka Modric
91%
1997 Brazilian Ronaldo
91%
2002 Brazilian Ronaldo
91%
2025 French Ousmane Dembélé
90%
2007 Brazialian Kakà
89%
2022 French Karim Benzema
89%
2024 Spanish Rodri
87%
2005 Brazialian Ronaldinho
87%
2003 Czech Pavel Nedvěd
84%
2006 Italian Fabio Cannavaro
82%
1998 French Zinedine Zidane
82%
2004 Ukranian Andrij Ševčenko
81%
2001 English Michael Owen
80%
2000 Portoguese Luis Figo
78%
1995 Liberian George Weah
76%
1999 Brazilian Rivaldo
75%
1988 Dutch Marco Van Basten
74%
1989 Dutch Marco Van Basten
74%
1992 Dutch Marco Van Basten
74%
1983 French Michel Platini
74%
1984 French Michel Platini
74%
1985 French Michel Platini
74%
1957 Argentine / Spanish Alfredo Di Stéfano
73%
1959 Argentine / Spanish Alfredo Di Stéfano
73%
1968 Northern Irish George Best
67%
1972 German Franz Beckenbauer
66%
1976 German Franz Beckenbauer
66%
1971 Dutch Johan Cruyff
66%
1973 Dutch Johan Cruyff
66%
1974 Dutch Johan Cruyff
66%
1987 Dutch Ruud Gullit
64%
1993 Italian Roberto Baggio
61%
1966 English Bobby Charlton
59%
1970 German Gerd Müller
59%
1965 Portuguese Eusébio
58%
1990 German Lothar Matthäus
58%
1991 French Jean-Pierre Papin
54%
1956 English Stanley Matthews
53%
1960 Spanish Luis Suárez
49%
1996 German Matthias Sammer
49%
1958 French Raymond Kopa
46%
1982 Italian Paolo Rossi
39%
1978 English Kevin Keegan
37%
1979 English Kevin Keegan
37%
1980 German Karl-Heinz Rummenigge
34%
1981 German Karl-Heinz Rummenigge
34%
1964 Scottish Denis Law
30%
1994 Bulgarian Hristo Stoičkov
28%
1961 Argentine / Italian Omar Sivori
21%
1969 Italian Gianni Rivera
20%
1962 Czechoslovakian Josef Masopust
20%
1986 Soviet Igor Belanov
19%
1967 Hungarian Flórián Albert
18%
1977 Danish Allan Simonsen
16%
1963 Soviet Lev Jašin
11%
1975 Soviet Oleh Blochin
5%
No matching quizzes found
Score Distribution
Percent of People with Each Score
Percentile by Number Answered
Your Score History
You have not taken this quiz since the last reset